000 00282nam a22001337a 4500
008 170309b xxu||||| |||| 00| 0 eng d
020 _a9780072908015
041 _aeng
080 _28 ED
_a611
100 _a6
101 _aSHM
245 _aPHYSIOLOGY
_cVANDER.A
942 _2udc
_cBK
999 _c7316
_d7316